Personnalités Chauves Par Images - Statistiques

Statistiques générales
  • Ce quiz a été pris 839 fois
  • Le résultat moyen est 16 sur 28
Statistiques - réponses
Par images Réponse % Correct
Zinédine Zidane
99%
Philippe Etchebest
95%
Dwayne Johnson
93%
Florent Pagny
76%
Thierry Henry
76%
Mike Tyson
74%
Fabien Barthez
71%
Kobe Bryant
71%
Vin Diesel
70%
Cédric Doumbè
64%
Franck Gastambide
61%
Jérôme Commandeur
60%
Pessi
54%
Jason Statham
53%
Bruce Willis
51%
Walter White / Bryan Cranston
50%
Michael Jordan
49%
Harry Roselmack
48%
Shaquille O'Neal
45%
Samuel L. Jackson
44%
Nicolas Pallois
41%
Christophe Jallet
40%
Tanguy David
35%
Tyson Fury
35%
Jean-Michel Blanquer
30%
Louis Bodin
29%
Adrian Mannarino
27%
Tony Chapron
20%
Aucun quiz correspondant
Distribution des résultats
% des personnes avec chaque résultat
Percentile par nombre de réponses
Votre historique - résultats
Vous n’avez pas pris ce quiz